Catálogo público

Modelos matemáticos que describen el comportamiento de los componentes morfolólicos del Triticum aestivum L. variedad valles / (Record no. 220150)

MARC details
000 -CABECERA
campo de control de longitud fija 03310nam a2200349 a 4500
003 - IDENTIFICADOR DEL NÚMERO DE CONTROL
campo de control OSt
005 - FECHA Y HORA DE LA ÚLTIMA TRANSACCIÓN
campo de control 20240909120026.0
007 - CAMPO FIJO DE DESCRIPCIÓN FÍSICA--INFORMACIÓN GENERAL
campo de control de longitud fija cr ||||||a|c|a
008 - DATOS DE LONGITUD FIJA--INFORMACIÓN GENERAL
campo de control de longitud fija 240909s2023 mx |||afom||| 001 0 spa d
040 ## - FUENTE DE LA CATALOGACIÓN
Normas de descripción rda
100 1# - ENTRADA PRINCIPAL--NOMBRE DE PERSONA
Nombre de persona Sandoval Pérez José Antonio
9 (RLIN) 189572
245 10 - MENCIÓN DE TÍTULO
Título Modelos matemáticos que describen el comportamiento de los componentes morfolólicos del Triticum aestivum L. variedad valles /
Mención de responsabilidad, etc. por José Antonio Sandoval Pérez; director de tesis Sergio Ibán Mendoza Pedroza; secretario Pablo Alfredo Domínguez Martínez; vocal Fernando García Cerón; suplente José Isidro Alejos de la Fuente; suplente José Melquiades Monzón Armenta.
264 #1 - PRODUCCIÓN, PUBLICACIÓN, DISTRIBUCIÓN, FABRICACIÓN Y COPYRIGHT
Producción, publicación, distribución, fabricación y copyright Chapingo, México :
Nombre del de productor, editor, distribuidor, fabricante El autor,
Fecha de producción, publicación, distribución, fabricación o copyright 2023.
300 ## - DESCRIPCIÓN FÍSICA
Extensión 1 recurso en línea (61 páginas):
Otras características físicas cuadros, figuras.
336 ## - TIPO DE CONTENIDO
Fuente rdacontent
Término de tipo de contenido texto
Código de tipo de contenido txt
337 ## - TIPO DE MEDIO
Fuente rdamedia
Nombre/término del tipo de medio computadora
Código del tipo de medio c
338 ## - TIPO DE SOPORTE
Fuente rdacarrier
Nombre/término del tipo de soporte recurso en línea
Código del tipo de soporte cr
502 ## - NOTA DE TESIS
Tipo de título Ingeniero Agrónomo Especialista en Zootecnia
Nombre de la institución que otorga el título Departamento de Enseñanza, Investigación y Servicio en Zootecnia,
Año de obtención del título 2023.
Información miscelánea Licenciatura
504 ## - NOTA DE BIBLIOGRAFÍA, ETC.
Nota de bibliografía, etc. Incluye referencias bibliográficas: páginas 42-51.
520 ## - SUMARIO, ETC.
Sumario, etc. El propósito de este estudio fue determinar los modelos matemáticos adecuados que puedan pronosticar el comportamiento de la acumulación de materia seca total y materia seca acumulada por componente morfológico en la especie Triticum aestivum L. variedad Valles. Para que se lograra fue necesario implementar un diseño experimental que permitiera capturar medidas sobre el tallo, hoja, material senescente y acumulación de biomasa total respecto a diferentes parámetros cuantitativos que fueron los días después de la siembra, la altura total, altura comprimida y radiación interceptada. Se preparó el terreno, se realizó la siembra con semilla pura germinable de Triticum aestivum L. variedad Valles y se aplicó fertilizante 45 días después. Se realizó la captura de datos de altura total, altura comprimida y porcentaje de radiación interceptada cada 15 días hasta terminar el experimento. Se realizó el procedimiento de secado en la obtención de materia seca total del forraje y de materia seca por elemento morfológico. Los resultados obtenidos fueron capturados y empleados para modelar funciones matemáticas que arrojaron diferentes curvas de crecimiento donde la materia seca total presento un comportamiento lineal respecto a los días después de la siembra. La materia seca en hoja, tallo y materia senescente presentó una curva de acumulación de materia seca en forma sigmoidal, presentando diferentes velocidades de crecimiento respecto a los días después de la siembra y a la radiación interceptada en forma de porcentaje.
650 #4 - PUNTO DE ACCESO ADICIONAL DE MATERIA--TÉRMINO DE MATERIA
Término de materia o nombre geográfico como elemento de entrada Trigo
Subdivisión general Producción
9 (RLIN) 115082
650 #4 - PUNTO DE ACCESO ADICIONAL DE MATERIA--TÉRMINO DE MATERIA
Término de materia o nombre geográfico como elemento de entrada Trigo
Subdivisión general Modelos matemáticos
9 (RLIN) 115063
650 #4 - PUNTO DE ACCESO ADICIONAL DE MATERIA--TÉRMINO DE MATERIA
Término de materia o nombre geográfico como elemento de entrada Trigo
Subdivisión general Fisiología y morfología
9 (RLIN) 115027
650 #4 - PUNTO DE ACCESO ADICIONAL DE MATERIA--TÉRMINO DE MATERIA
Término de materia o nombre geográfico como elemento de entrada Trigo
Subdivisión general Materia seca
-- Determinación
9 (RLIN) 115056
700 1# - PUNTO DE ACCESO ADICIONAL--NOMBRE DE PERSONA
Nombre de persona Mendoza Pedroza, Sergio Ibán
9 (RLIN) 74719
Término indicativo de función/relación Director de tesis.
700 1# - PUNTO DE ACCESO ADICIONAL--NOMBRE DE PERSONA
Nombre de persona Domínguez Martínez, Pablo Alfredo
9 (RLIN) 33846
Término indicativo de función/relación Secretario.
700 1# - PUNTO DE ACCESO ADICIONAL--NOMBRE DE PERSONA
Nombre de persona González Cerón, Fernando
9 (RLIN) 48783
Término indicativo de función/relación Vocal.
700 1# - PUNTO DE ACCESO ADICIONAL--NOMBRE DE PERSONA
Nombre de persona Alejos de la Fuente, José Isidro
9 (RLIN) 3759
Término indicativo de función/relación Suplente.
700 1# - PUNTO DE ACCESO ADICIONAL--NOMBRE DE PERSONA
Nombre de persona Monzón Armenta, José Melquiades
9 (RLIN) 78028
Término indicativo de función/relación Suplente.
856 ## - LOCALIZACIÓN Y ACCESO ELECTRÓNICOS
Identificador Uniforme del Recurso http://10.13.5.2/tesis/tl/1612285-9_SANDOVAL_PEREZ_JOSEANTONIO.pdf
Nota pública DESCARGAR PDF
942 ## - ELEMENTOS DE PUNTO DE ACCESO ADICIONAL (KOHA)
Fuente del sistema de clasificación o colocación Clasificación Universidad Autónoma Chapingo
Tipo de ítem Koha Tesis digital
Holdings
Estado de retiro Estado de pérdida Fuente del sistema de clasificación o colocación Estado dañado Restricciones de uso No para préstamo Código de colección Localización permanente Ubicación/localización actual Ubicación en estantería Fecha de adquisición Total de préstamos Signatura topográfica completa Fecha visto por última vez Precio válido a partir de Tipo de ítem Koha
    Clasificación Universidad Autónoma de Chapingo   Préstamo interno   Tesis digitales de Licenciatura Biblioteca Digital Biblioteca Digital En línea 09/09/2024   Tesis digital 09/09/2024 09/09/2024 Tesis digital